MARC details
| 000 -CABECERA |
| campo de control de longitud fija |
00905nam a2200253 a 4500 |
| 001 - NÚMERO DE CONTROL |
| campo de control |
000014435 |
| 005 - FECHA Y HORA DE LA ÚLTIMA TRANSACCIÓN |
| campo de control |
20240529124642.0 |
| 008 - DATOS DE LONGITUD FIJA--INFORMACIÓN GENERAL |
| campo de control de longitud fija |
091214s1998 ag a 000 f spa d |
| 020 ## - NÚMERO INTERNACIONAL ESTÁNDAR DEL LIBRO |
| Número Internacional Estándar del Libro |
9501703406 |
| 040 ## - FUENTE DE LA CATALOGACIÓN |
| Centro catalogador/agencia de origen |
DO-SdBNP |
| Lengua de catalogación |
spa |
| Centro/agencia transcriptor |
BNPHU |
| 041 17 - CÓDIGO DE LENGUA |
| Código de lengua del texto/banda sonora o título independiente |
esp |
| Código de lengua original |
por |
| Fuente del código |
Código de idioma MARC |
| 082 ## - NÚMERO DE LA CLASIFICACIÓN DECIMAL DEWEY |
| Número de clasificación |
B869.4 |
| Número de documento/Ítem |
T828n, 1998 |
| 049 ## - FONDOS LOCALES (OCLC) |
| Fondos de biblioteca |
BNGR |
| 100 1# - ENTRADA PRINCIPAL--NOMBRE DE PERSONA |
| Nombre de persona |
Trigueirinho, |
| Forma completa/desarrollada del nombre |
(José Trigueirinho Netto), |
| Fechas asociadas al nombre |
1931- |
| 9 (RLIN) |
32565 |
| 240 10 - TÍTULO UNIFORME |
| Título uniforme |
Novos sinais de contacto. |
| Lenguaje de la obra |
Español |
| 245 10 - MENCIÓN DE TÍTULO |
| Título |
Nuevas señales de contacto / |
| Mención de responsabilidad, etc. |
Trigueirinho ; traducción de Héctor V. Morel. |
| 250 ## - MENCIÓN DE EDICIÓN |
| Mención de edición |
3a ed. |
| 260 ## - PUBLICACIÓN, DISTRIBUCIÓN, ETC. |
| Lugar de publicación, distribución, etc. |
Buenos Aires : |
| Nombre del editor, distribuidor, etc. |
Kier, |
| Fecha de publicación, distribución, etc. |
1998. |
| 300 ## - DESCRIPCIÓN FÍSICA |
| Extensión |
153, [6] p. : |
| Otras características físicas |
il. ; |
| Dimensiones |
23 cm. |
| 534 ## - NOTA SOBRE LA VERSIÓN ORIGINAL |
| Frase introductoria |
Título original en portugués: |
| Mención de título del original |
Novos sinais de contacto |
| Publicación, distribución, etc. del original |
Brasil : Pensamento Ltda. |
| 650 #0 - PUNTO DE ACCESO ADICIONAL DE MATERIA--TÉRMINO DE MATERIA |
| Término de materia o nombre geográfico como elemento de entrada |
Novela brasileña |
| 9 (RLIN) |
13650 |
| 650 #4 - PUNTO DE ACCESO ADICIONAL DE MATERIA--TÉRMINO DE MATERIA |
| Término de materia o nombre geográfico como elemento de entrada |
Literatura brasileña |
| Subdivisión cronológica |
SIGLO XX |
| 9 (RLIN) |
4716 |
| 700 1# - PUNTO DE ACCESO ADICIONAL--NOMBRE DE PERSONA |
| Nombre de persona |
Morel, Héctor V., |
| Término indicativo de función/relación |
tr. |
| 9 (RLIN) |
32566 |